000
00201nam a2200085Ia 4500
008
120527s9999 xx 000 0 und d
100
_a
BOEVERS, D.G
245
_a
Understanding Blood pressure
942
_c
BK
999
_c
25701
_d
25701